000 00514nam a2200169Ia 4500
008 090201s9999 xx 000 0 und d
010 _aKPL-19131
040 _bमराठी
041 _aमराठी
082 _a9561
_b19131
100 _aमृणालिनी जोशी
245 _aमुक्ताई
_cमृणालिनी जोशी
260 _c2004
_bअनमोल प्रकाशन
300 _a184
_bमोठा
600 _aमुक्ताई
942 _cBOOK
999 _c210068
_d210068